Word Ladder: Royal Titles Quiz Stats

 Plays Quiz Updated Mar 19, 2019

Score 0/13 Timer 02:00
0 Plays Today
Hint Answer % Correct
• Male ruler title, like Henry VIII or George III • • KING •
95.1%
Discover, like a treasureFIND
93.1%
'___ she blows!'THAR
93%
Caring or considerateKIND
92.7%
• Male Mongol ruler title, like Genghis or Kublai •• KHAN •
91.3%
Nutrition meant for eatingFOOD
90.4%
Conjunction that introduces the second element in a comparisonTHAN
90.2%
Affectionate or lovingFOND
89.5%
Temporary feeling; state of mindMOOD
87.5%
• Russian male ruler title, like Ivan IV or Nicholas II •• TSAR •
86.3%
Phobos or Ganymede, e.g.MOON
76.7%
Wail of painMOAN
76.3%
Riddle from Zen BuddhismKOAN
71.2%

Today's Daily Dose

You're not logged in!

Compare scores with friends on all Sporcle quizzes.
OR
Log In

Sporcle TV

Today on Sporcle TV


Watch our educational content, quiz creation guides, and fun videos on Sporcle TV.

Show Comments

Extras

Top Quizzes Today


Score Distribution

Your Account Isn't Verified!

In order to create a playlist on Sporcle, you need to verify the email address you used during registration. Go to your Sporcle Settings to finish the process.

Report this User

Report this user for behavior that violates our Community Guidelines.

Details: